<?xml version="1.0" encoding="UTF-8"?>
<record
    xmlns:xsi="http://www.w3.org/2001/XMLSchema-instance"
    xsi:schemaLocation="http://www.loc.gov/MARC21/slim http://www.loc.gov/standards/marcxml/schema/MARC21slim.xsd"
    xmlns="http://www.loc.gov/MARC21/slim">

  <leader>02543njm0a2200529   4500</leader>
  <controlfield tag="001">RU\NLR\ONIZ\224758</controlfield>
  <controlfield tag="005">20250708192921.0</controlfield>
  <datafield tag="035" ind1=" " ind2=" ">
    <subfield code="a">(NLR Aleph) 011903820</subfield>
  </datafield>
  <datafield tag="035" ind1=" " ind2=" ">
    <subfield code="a">RU\NLR\ONIZ\GALA\5000033952\20181221141751</subfield>
  </datafield>
  <datafield tag="071" ind1="0" ind2="0">
    <subfield code="a">054100</subfield>
  </datafield>
  <datafield tag="090" ind1=" " ind2=" ">
    <subfield code="a">13283790</subfield>
    <subfield code="c">13283790</subfield>
  </datafield>
  <datafield tag="100" ind1=" " ind2=" ">
    <subfield code="a">20181221f19001999|||y0rusy50      ca</subfield>
  </datafield>
  <datafield tag="102" ind1=" " ind2=" ">
    <subfield code="a">RU</subfield>
  </datafield>
  <datafield tag="126" ind1=" " ind2=" ">
    <subfield code="a">aguxexu      ux</subfield>
    <subfield code="b">xxx</subfield>
  </datafield>
  <datafield tag="127" ind1=" " ind2=" ">
    <subfield code="a">000010</subfield>
  </datafield>
  <datafield tag="135" ind1=" " ind2=" ">
    <subfield code="a">honoannnanndn</subfield>
  </datafield>
  <datafield tag="200" ind1="1" ind2=" ">
    <subfield code="a">Rigoletto</subfield>
    <subfield code="b">&#x417;&#x432;&#x443;&#x43A;&#x43E;&#x437;&#x430;&#x43F;&#x438;&#x441;&#x44C;</subfield>
    <subfield code="e">Piangi fanciulla [Rigoletto &amp; Gilda duet , II act]</subfield>
    <subfield code="f">[G.] Verdi</subfield>
    <subfield code="g">&#x438;&#x441;&#x43F;&#x43E;&#x43B;&#x43D;.: M. Galvany [soprano], T. Ruffo [baritone], Mo/ direttore d'orchestra C. Sanaino (Milano)</subfield>
  </datafield>
  <datafield tag="210" ind1=" " ind2=" ">
    <subfield code="a">S. l.</subfield>
    <subfield code="c">Gramophone Monarch Record</subfield>
    <subfield code="d">[19--]</subfield>
  </datafield>
  <datafield tag="215" ind1=" " ind2=" ">
    <subfield code="a">1&#x433;&#x440;&#x43F;.(10 &#x43C;&#x438;&#x43D;): 78 &#x43E;&#x431;/&#x43C;&#x438;&#x43D;, &#x43C;&#x43E;&#x43D;&#x43E;; 30 &#x441;&#x43C;, &#x432; &#x43A;&#x43E;&#x43D;&#x432;.</subfield>
  </datafield>
  <datafield tag="300" ind1=" " ind2=" ">
    <subfield code="a">(&#x433;&#x440;&#x43F;. &#x43E;&#x434;&#x43D;&#x43E;&#x441;&#x442;&#x43E;&#x440;&#x43E;&#x43D;&#x43D;&#x44F;&#x44F;)</subfield>
  </datafield>
  <datafield tag="325" ind1=" " ind2=" ">
    <subfield code="a">&#x41A;&#x43E;&#x43F;&#x438;&#x44F; &#x434;&#x43E;&#x441;&#x442;&#x443;&#x43F;&#x43D;&#x430; &#x432; &#x44D;&#x43B;&#x435;&#x43A;&#x442;&#x440;&#x43E;&#x43D;&#x43D;&#x43E;&#x439; &#x431;&#x438;&#x431;&#x43B;&#x438;&#x43E;&#x442;&#x435;&#x43A;&#x435; &#x420;&#x41D;&#x411;</subfield>
  </datafield>
  <datafield tag="500" ind1="0" ind2="0">
    <subfield code="a">&#x420;&#x438;&#x433;&#x43E;&#x43B;&#x435;&#x442;&#x442;&#x43E;</subfield>
    <subfield code="i">&#x414;&#x443;&#x44D;&#x442; &#x414;&#x436;&#x438;&#x43B;&#x44C;&#x434;&#x44B; &#x438; &#x420;&#x438;&#x433;&#x43E;&#x43B;&#x435;&#x442;&#x442;&#x43E;, 2 &#x434;.</subfield>
    <subfield code="b">&#x417;&#x432;&#x443;&#x43A;&#x43E;&#x437;&#x430;&#x43F;&#x438;&#x441;&#x44C;</subfield>
    <subfield code="l">&#x43E;&#x43F;&#x435;&#x440;&#x430;</subfield>
    <subfield code="r">&#x441;&#x43E;&#x43F;&#x440;&#x430;&#x43D;&#x43E; &#x438; &#x431;&#x430;&#x440;&#x438;&#x442;&#x43E;&#x43D;, &#x441; &#x43E;&#x440;&#x43A;.</subfield>
  </datafield>
  <datafield tag="606" ind1="1" ind2=" ">
    <subfield code="a">&#x41E;&#x43F;&#x435;&#x440;&#x43D;&#x44B;&#x435; &#x43F;&#x435;&#x432;&#x446;&#x44B; &#x437;&#x430;&#x440;&#x443;&#x431;&#x435;&#x436;&#x43D;&#x44B;&#x435;</subfield>
    <subfield code="x">&#x417;&#x432;&#x443;&#x43A;&#x43E;&#x437;&#x430;&#x43F;&#x438;&#x441;&#x44C;</subfield>
    <subfield code="y">&#x418;&#x442;&#x430;&#x43B;&#x438;&#x44F;</subfield>
    <subfield code="z">20 &#x432;. &#x43D;&#x430;&#x447;.</subfield>
    <subfield code="2">nlr_sh</subfield>
  </datafield>
  <datafield tag="686" ind1=" " ind2=" ">
    <subfield code="a">&#x429;942.19-071(4&#x418;&#x442;)</subfield>
    <subfield code="v">LBC/SL</subfield>
    <subfield code="2">rubbk</subfield>
  </datafield>
  <datafield tag="700" ind1=" " ind2="1">
    <subfield code="9">z01790</subfield>
    <subfield code="a">&#x412;&#x435;&#x440;&#x434;&#x438;</subfield>
    <subfield code="b">&#x414;.</subfield>
    <subfield code="f">1813-1901</subfield>
    <subfield code="g">&#x414;&#x436;&#x443;&#x437;&#x435;&#x43F;&#x43F;&#x435;</subfield>
    <subfield code="4">230</subfield>
    <subfield code="7">ca</subfield>
  </datafield>
  <datafield tag="702" ind1=" " ind2="1">
    <subfield code="9">z08790</subfield>
    <subfield code="a">&#x421;&#x430;&#x431;&#x430;&#x439;&#x43D;&#x43E;</subfield>
    <subfield code="b">&#x41A;.</subfield>
    <subfield code="c">&#x434;&#x438;&#x440;&#x438;&#x436;&#x435;&#x440;</subfield>
    <subfield code="f">1874-1938</subfield>
    <subfield code="g">&#x41A;&#x430;&#x440;&#x43B;&#x43E;</subfield>
    <subfield code="4">250</subfield>
    <subfield code="7">ca</subfield>
  </datafield>
  <datafield tag="702" ind1=" " ind2="1">
    <subfield code="9">z09790</subfield>
    <subfield code="a">&#x413;&#x430;&#x43B;&#x44C;&#x432;&#x430;&#x43D;&#x438;</subfield>
    <subfield code="b">&#x41C;.</subfield>
    <subfield code="f">1878-1949</subfield>
    <subfield code="g">&#x41C;&#x430;&#x440;&#x438;&#x44F;</subfield>
    <subfield code="4">590</subfield>
    <subfield code="4">vso</subfield>
    <subfield code="7">ca</subfield>
  </datafield>
  <datafield tag="702" ind1=" " ind2="1">
    <subfield code="9">z10790</subfield>
    <subfield code="a">&#x420;&#x443;&#x444;&#x444;&#x43E;</subfield>
    <subfield code="b">&#x422;.</subfield>
    <subfield code="f">1877-1953</subfield>
    <subfield code="g">&#x422;&#x438;&#x442;&#x442;&#x430;</subfield>
    <subfield code="4">590</subfield>
    <subfield code="4">vbr</subfield>
  </datafield>
  <datafield tag="790" ind1=" " ind2="1">
    <subfield code="9">z01700</subfield>
    <subfield code="a">Verdi</subfield>
    <subfield code="b">D. F. F.</subfield>
    <subfield code="f">1813-1901</subfield>
    <subfield code="g">D&#x17E;uzeppe Fortunino Fran&#x10D;esko</subfield>
    <subfield code="4">230</subfield>
    <subfield code="7">ba</subfield>
  </datafield>
  <datafield tag="790" ind1=" " ind2="1">
    <subfield code="9">z08702</subfield>
    <subfield code="a">Sabajno</subfield>
    <subfield code="b">C.</subfield>
    <subfield code="f">1874-1938</subfield>
    <subfield code="g">Carlo</subfield>
    <subfield code="4">250</subfield>
    <subfield code="7">ba</subfield>
  </datafield>
  <datafield tag="790" ind1=" " ind2="1">
    <subfield code="9">z09702</subfield>
    <subfield code="a">Galvany</subfield>
    <subfield code="b">M.</subfield>
    <subfield code="f">1878-1949</subfield>
    <subfield code="g">Marija</subfield>
    <subfield code="4">590</subfield>
    <subfield code="4">vso</subfield>
    <subfield code="7">ba</subfield>
  </datafield>
  <datafield tag="790" ind1=" " ind2="1">
    <subfield code="9">z10702</subfield>
    <subfield code="a">Ruffo</subfield>
    <subfield code="b">T.</subfield>
    <subfield code="f">1877-1953</subfield>
    <subfield code="g">Titta</subfield>
    <subfield code="4">590</subfield>
    <subfield code="4">vbr</subfield>
  </datafield>
  <datafield tag="801" ind1=" " ind2="0">
    <subfield code="a">RU</subfield>
    <subfield code="b">NLR</subfield>
    <subfield code="c">20181221</subfield>
    <subfield code="g">PSBO</subfield>
  </datafield>
  <datafield tag="801" ind1=" " ind2="1">
    <subfield code="a">RU</subfield>
    <subfield code="b">NLR</subfield>
    <subfield code="c">20181221</subfield>
    <subfield code="2">rusmarc</subfield>
  </datafield>
  <datafield tag="801" ind1=" " ind2="2">
    <subfield code="a">RU</subfield>
    <subfield code="b">NLR</subfield>
    <subfield code="c">20181221</subfield>
  </datafield>
  <datafield tag="852" ind1=" " ind2=" ">
    <subfield code="a">NLR</subfield>
    <subfield code="b">&#x41C;&#x433;</subfield>
    <subfield code="j">3&#x43A;/2953</subfield>
    <subfield code="p">16996</subfield>
    <subfield code="t">1</subfield>
  </datafield>
  <datafield tag="856" ind1=" " ind2="0">
    <subfield code="u">https://vivaldi.nlr.ru/mk000000684/view</subfield>
  </datafield>
  <datafield tag="856" ind1=" " ind2="1">
    <subfield code="u">https://vivaldi.nlr.ru/mk000000684/cover</subfield>
  </datafield>
  <datafield tag="856" ind1=" " ind2="2">
    <subfield code="u">https://vivaldi.nlr.ru/mk000000684/text</subfield>
  </datafield>
  <datafield tag="942" ind1=" " ind2=" ">
    <subfield code="c">REC</subfield>
  </datafield>
  <datafield tag="980" ind1=" " ind2=" ">
    <subfield code="a">NB</subfield>
  </datafield>
  <datafield tag="980" ind1=" " ind2=" ">
    <subfield code="a">ONIZ</subfield>
  </datafield>
  <datafield tag="981" ind1="2" ind2="4">
    <subfield code="a">(24) &#x41D;&#x43E;&#x442;&#x43D;&#x44B;&#x435; &#x438;&#x437;&#x434;&#x430;&#x43D;&#x438;&#x44F; &#x438; &#x430;&#x443;&#x434;&#x438;&#x43E;&#x437;&#x430;&#x43F;&#x438;&#x441;&#x438;</subfield>
    <subfield code="b">(24) &#x413;&#x440;&#x430;&#x43C;&#x43F;&#x43B;&#x430;&#x441;&#x442;&#x438;&#x43D;&#x43A;&#x438;</subfield>
  </datafield>
  <datafield tag="995" ind1=" " ind2=" ">
    <subfield code="5">2018-12-21</subfield>
    <subfield code="b">NLR01</subfield>
    <subfield code="c">NLR01</subfield>
    <subfield code="e">ONIZ</subfield>
    <subfield code="k">3&#x43A;/2953 3&#x43A;/2953</subfield>
    <subfield code="o">0</subfield>
    <subfield code="r">REC</subfield>
    <subfield code="s">32953_32953</subfield>
  </datafield>
</record>
